Limādhā naqraʼ? (Record no. 49633)

MARC details
000 -LEADER
fixed length control field 00542cam a22001931 4500
001 - CONTROL NUMBER
control field ne 67001029
003 - CONTROL NUMBER IDENTIFIER
control field DLC
005 - DATE AND TIME OF LATEST TRANSACTION
control field 20260227111832.0
008 - FIXED-LENGTH DATA ELEMENTS--GENERAL INFORMATION
fixed length control field 890515s1966 ua c 000 0 arar
010 ## - LIBRARY OF CONGRESS CONTROL NUMBER
LC control number ne 67001029
025 ## - OVERSEAS ACQUISITION NUMBER
Overseas acquisition number PL480:UAR-8010
035 ## - SYSTEM CONTROL NUMBER
System control number (OCoLC)19707609
040 ## - CATALOGING SOURCE
Original cataloging agency DLC
Transcribing agency WaU
Modifying agency WaU
-- DLC
050 00 - LIBRARY OF CONGRESS CALL NUMBER
Classification number Z1003
Item number .L57
245 00 - TITLE STATEMENT
Title Limādhā naqraʼ?
Remainder of title Laṭāʼif min al-mufakkirīn.
260 ## - PUBLICATION, DISTRIBUTION, ETC.
Place of publication, distribution, etc. Miṣr,
Name of publisher, distributor, etc. Dār al-Maʻārif
Date of publication, distribution, etc. [1966]
300 ## - PHYSICAL DESCRIPTION
Extent 139 p.
Other physical details ports.
Dimensions 18 cm.
650 #0 - SUBJECT ADDED ENTRY--TOPICAL TERM
Topical term or geographic name entry element Books and reading
Geographic subdivision Arab countries.

No items available.

Powered by Koha